| 000 | 00575nam a2200181Ia 4500 | ||
|---|---|---|---|
| 003 | OSt | ||
| 005 | 20210111153546.0 | ||
| 008 | 190216s9999||||xx |||||||||||||| ||und|| | ||
| 020 | _a9788120340329 | ||
| 040 | _coclc | ||
| 082 |
_a540.15122 _bKUN/G |
||
| 100 |
_a Kunju, A Salahuddin _94248 |
||
| 245 | 0 |
_aGroup Theory And Its Applications In Chemistry / _cA Salahuddin Kunju ; G Krishnan |
|
| 260 |
_bPhi Learning Private Limited, _c2012. _aNew Delhi: |
||
| 300 | _a199p | ||
| 650 | _aChemistry | ||
| 942 |
_cBK _2ddc _h540.15122 _iKUN/G _k540.15122 _mKUN/G |
||
| 999 |
_c3590 _d3590 |
||